000 00404nam a2200145Ia 4500
008 231129s2010||||xx |||||||||||||| ||spa||
020 _a978-958-30-3504-3
040 _bspa
082 _aR 912.861 C718at
100 _aInstituto Geográfico DeAgostini (Novara)
245 0 _aAtlas de Colombia y el mundo
260 _c2010
264 _aPanamericana
942 _2ddc
_cBKS
999 _c2526
_d2526